000 00789nam a2200241 a 4500
001 000019339
005 20200929170004.0
008 100624s1957 ag r 000 f spa d
040 _aDO-SdBNP
_bspa
_cBNPHU
082 _a881.01
_bH766ó
100 1 _aHomer
_939490
245 1 0 _aObras completas /
_cprólogo Arturo Marasso ; traducción Luis Segalá y Estalella.
250 _a2a ed.
260 _aBuenos Aires, Argentina :
_bEl Ateneo Editorial,
_c1957.
300 _a856 p. ;
_c19 cm.
490 1 _aColección Clásicos inolvidables
650 4 _aNovela griega
_916418
650 4 _aLiteratura griega
_92386
700 1 _aMarasso, Arturo,
_epról.
_941567
700 1 _aSegalá y Estalella, Luis
_etr.
_941568
830 0 _aColección Clásicos inolvidables
_941569
049 _aBNGR
999 _c18856
_d18856